Twórcy z największą ilością polecanych quizów - Statystyki

Ogólne statystyki
  • Ten quiz został rozwiązany 3 razy
  • Średni wynik to 2 z 20
Statystyki odpowiedzi
Ranga Twórca % Poprawnych
15 youtubeplayer 504
100%
11 ArjayPL 335
50%
1 Stewart 550
50%
13 baptistegorce 218
0%
124 Barroszt 225
0%
65 cathlete 256
0%
8 Elboy 229
0%
6 Gamer1162 1,182
0%
7 Gassu 658
0%
23 Jato 448
0%
4 Jerry928 342
0%
62 Josiah 241
0%
31 jpedrocm 273
0%
32 Levisek27 575
0%
99 marquez100 313
0%
89 Nilles 326
0%
34 Penguinish 1,485
0%
38 Quizgas 224
0%
2 relessness 271
0%
12 Vicky 460
0%
Nie znaleziono quizów pasujących do podanych kryteriów
Rozkład punktacji
Procent ludzi z każdym wynikiem
Percentyl według liczby udzielonych odpowiedzi
Twoja historia wyników
Nie rozwiązałeś tego quizu